[Event "Grand Swiss "]
[Date "2025.09.14"]
[White "Murzin, Volodar"]
[Black "Shirov, Alexei"]
[WhiteElo "2670"]
[BlackElo "2616"]
[Round "10.10.14"]
[Result "1/2-1/2"]

1. c4 {[%clk 01:40:56] [%emt 00:00:04]} e6 {[%clk 01:40:53] [%emt 00:00:07]} 2.
Nf3 {[%clk 01:41:00] [%emt 00:00:26]} d5 {[%clk 01:41:16] [%emt 00:00:07]} 3. d4
{[%clk 01:41:25] [%emt 00:00:06]} Nf6 {[%clk 01:41:36] [%emt 00:00:09]} 4. g3
{[%clk 01:41:49] [%emt 00:00:06]} Be7 {[%clk 01:40:09] [%emt 00:01:57]} 5. Bg2
{[%clk 01:42:14] [%emt 00:00:05]} O-O {[%clk 01:40:35] [%emt 00:00:05]} 6. O-O
{[%clk 01:42:39] [%emt 00:00:05]} dxc4 {[%clk 01:41:03] [%emt 00:00:02]} 7. Qc2
{[%clk 01:43:03] [%emt 00:00:06]} a6 {[%clk 01:41:29] [%emt 00:00:03]} 8. a4
{[%clk 01:43:29] [%emt 00:00:05]} Bd7 {[%clk 01:41:51] [%emt 00:00:07]} 9. Qxc4
{[%clk 01:43:54] [%emt 00:00:06]} Bc6 {[%clk 01:42:17] [%emt 00:00:03]} 10. Bg5
{[%clk 01:44:09] [%emt 00:00:16]} Nbd7 {[%clk 01:40:24] [%emt 00:02:23]} 11. Rd1
{[%clk 01:44:06] [%emt 00:00:33]} a5 {[%clk 01:37:30] [%emt 00:03:23]} 12. Nbd2
{[%clk 01:44:05] [%emt 00:00:31]} h6 {[%clk 01:37:18] [%emt 00:00:42]} 13. Bxf6
{[%clk 01:44:23] [%emt 00:00:12]} Nxf6 {[%clk 01:37:41] [%emt 00:00:08]} 14. Qd3
{[%clk 01:44:38] [%emt 00:00:15]} Bb4 {[%clk 01:02:06] [%emt 00:36:05]} 15. e4
{[%clk 01:44:33] [%emt 00:00:34]} Qe7 {[%clk 00:51:21] [%emt 00:11:14]} 16. Ne5
{[%clk 01:41:44] [%emt 00:03:20]} Nd7 {[%clk 00:48:00] [%emt 00:03:51]} 17. Nxc6
{[%clk 01:05:38] [%emt 00:36:36]} bxc6 {[%clk 00:47:20] [%emt 00:01:10]} 18. Nc4
{[%clk 01:06:00] [%emt 00:00:09]} Rad8 {[%clk 00:47:30] [%emt 00:00:19]} 19. Qc2
{[%clk 00:56:07] [%emt 00:10:23]} c5 {[%clk 00:44:08] [%emt 00:03:52]} 20. d5
{[%clk 00:54:35] [%emt 00:02:03]} exd5 {[%clk 00:44:12] [%emt 00:00:25]} 21.
Rxd5 {[%clk 00:52:54] [%emt 00:02:11]} Nb6 {[%clk 00:44:12] [%emt 00:00:30]} 22.
Nxb6 {[%clk 00:47:10] [%emt 00:06:15]} cxb6 {[%clk 00:43:42] [%emt 00:00:59]}
23. Rad1 {[%clk 00:47:34] [%emt 00:00:06]} Rxd5 {[%clk 00:44:02] [%emt
00:00:09]} 24. exd5 {[%clk 00:47:05] [%emt 00:01:00]} Rd8 {[%clk 00:39:49] [%emt
00:04:43]} 25. Bf1 {[%clk 00:36:18] [%emt 00:11:17]} c4 {[%clk 00:18:56] [%emt
00:21:22]} 26. Bxc4 {[%clk 00:35:48] [%emt 00:01:01]} Qe5 {[%clk 00:19:17] [%emt
00:00:08]} 27. b3 {[%clk 00:32:15] [%emt 00:04:03]} g5 {[%clk 00:13:16] [%emt
00:06:31]} 28. Kg2 {[%clk 00:16:21] [%emt 00:16:24]} Kg7 {[%clk 00:13:30] [%emt
00:00:16]} 29. Qd3 {[%clk 00:09:52] [%emt 00:07:00]} Rd6 {[%clk 00:09:53] [%emt
00:04:06]} 30. Qe3 {[%clk 00:09:26] [%emt 00:00:57]} Qxe3 {[%clk 00:04:03] [%emt
00:06:20]} 31. fxe3 {[%clk 00:07:46] [%emt 00:02:11]} Kf6 {[%clk 00:04:28] [%emt
00:00:04]} 32. Rf1+ {[%clk 00:06:41] [%emt 00:01:35]} Ke7 {[%clk 00:04:53] [%emt
00:00:05]} 33. Rd1 {[%clk 00:04:54] [%emt 00:02:17]} Kf6 {[%clk 00:03:33] [%emt
00:01:50]} 34. h4 {[%clk 00:03:20] [%emt 00:02:04]} gxh4 {[%clk 00:03:02] [%emt
00:01:02]} 35. gxh4 {[%clk 00:03:47] [%emt 00:00:04]} Ke5 {[%clk 00:03:26] [%emt
00:00:05]} 36. Kf3 {[%clk 00:03:22] [%emt 00:00:55]} Bc5 {[%clk 00:02:36] [%emt
00:01:20]} 37. h5 {[%clk 00:03:20] [%emt 00:00:32]} Rf6+ {[%clk 00:02:27] [%emt
00:00:39]} 38. Ke2 {[%clk 00:03:45] [%emt 00:00:05]} Kd6 {[%clk 00:02:25] [%emt
00:00:31]} 39. Rh1 {[%clk 00:01:45] [%emt 00:02:31]} Rf5 {[%clk 00:02:46] [%emt
00:00:09]} 40. Rh4 {[%clk 00:02:06] [%emt 00:00:09]} Re5 {[%clk 00:02:32] [%emt
00:00:45]} 41. Rh3 {[%clk 00:46:40] [%emt 00:05:56]} Rg5 {[%clk 00:48:14] [%emt
00:04:48]} 42. Kf3 {[%clk 00:42:33] [%emt 00:04:36]} Ke5 {[%clk 00:46:56] [%emt
00:01:47]} 43. Rh4 {[%clk 00:40:57] [%emt 00:02:08]} f5 {[%clk 00:41:27] [%emt
00:05:59]} 44. Rh1 {[%clk 00:38:34] [%emt 00:02:53]} Bd6 {[%clk 00:40:18] [%emt
00:01:39]} 45. Rh4 {[%clk 00:31:39] [%emt 00:07:25]} Bc5 {[%clk 00:38:31] [%emt
00:02:17]} 46. e4 {[%clk 00:26:57] [%emt 00:05:12]} Rg4 {[%clk 00:38:28] [%emt
00:00:32]} 47. Rxg4 {[%clk 00:27:21] [%emt 00:00:07]} fxg4+ {[%clk 00:38:54]
[%emt 00:00:04]} 48. Kxg4 {[%clk 00:27:47] [%emt 00:00:04]} Kxe4 {[%clk
00:39:17] [%emt 00:00:06]} 49. Kg3 {[%clk 00:28:05] [%emt 00:00:13]} Bd6+ {[%clk
00:39:28] [%emt 00:00:19]} 50. Kf2 {[%clk 00:28:30] [%emt 00:00:06]} 1/2-1/2

[Site "Europe Echecs"]

[Event "Grand Swiss "]
[Date "2025.09.14"]
[White "Fedoseev, Vladimir"]
[Black "Xiong, Jeffery"]
[WhiteElo "2731"]
[BlackElo "2640"]
[Round "10.10.15"]
[Result "1-0"]

1. d4 {[%clk 01:40:39] [%emt 00:00:19]} d5 {[%clk 01:40:42] [%emt 00:00:17]} 2.
c4 {[%clk 01:40:49] [%emt 00:00:21]} e6 {[%clk 01:40:50] [%emt 00:00:22]} 3. Nc3
{[%clk 01:41:05] [%emt 00:00:15]} Nf6 {[%clk 01:40:52] [%emt 00:00:27]} 4. cxd5
{[%clk 01:41:23] [%emt 00:00:13]} exd5 {[%clk 01:41:12] [%emt 00:00:09]} 5. Bg5
{[%clk 01:41:38] [%emt 00:00:15]} Be7 {[%clk 01:40:22] [%emt 00:01:20]} 6. e3
{[%clk 01:41:47] [%emt 00:00:21]} O-O {[%clk 01:39:40] [%emt 00:01:11]} 7. Bd3
{[%clk 01:42:08] [%emt 00:00:09]} h6 {[%clk 01:39:30] [%emt 00:00:40]} 8. Bf4
{[%clk 01:36:32] [%emt 00:06:07]} c5 {[%clk 01:36:25] [%emt 00:03:35]} 9. Nf3
{[%clk 01:31:12] [%emt 00:05:50]} Nc6 {[%clk 01:30:23] [%emt 00:06:32]} 10. O-O
{[%clk 01:30:16] [%emt 00:01:26]} cxd4 {[%clk 01:22:27] [%emt 00:08:26]} 11.
Nxd4 {[%clk 01:30:11] [%emt 00:00:36]} Nxd4 {[%clk 01:22:32] [%emt 00:00:25]}
12. exd4 {[%clk 01:30:36] [%emt 00:00:05]} Bd6 {[%clk 01:22:36] [%emt 00:00:25]}
13. Be5 {[%clk 01:15:36] [%emt 00:15:30]} Ng4 {[%clk 01:21:28] [%emt 00:01:38]}
14. Qe2 {[%clk 01:10:06] [%emt 00:06:01]} Bxe5 {[%clk 00:41:41] [%emt 00:40:16]}
15. dxe5 {[%clk 01:10:30] [%emt 00:00:07]} Re8 {[%clk 00:42:05] [%emt 00:00:06]}
16. f4 {[%clk 01:10:48] [%emt 00:00:12]} Qb6+ {[%clk 00:41:47] [%emt 00:00:48]}
17. Kh1 {[%clk 01:11:11] [%emt 00:00:06]} Ne3 {[%clk 00:41:29] [%emt 00:00:48]}
18. Na4 {[%clk 01:04:35] [%emt 00:07:07]} Qd4 {[%clk 00:41:23] [%emt 00:00:35]}
19. Rf3 {[%clk 01:04:44] [%emt 00:00:21]} Qxa4 {[%clk 00:29:24] [%emt 00:12:29]}
20. Qxe3 {[%clk 01:03:41] [%emt 00:01:32]} Qb4 {[%clk 00:26:08] [%emt 00:03:47]}
21. f5 {[%clk 01:00:51] [%emt 00:03:20]} Qb6 {[%clk 00:18:52] [%emt 00:07:45]}
22. Qf4 {[%clk 00:58:24] [%emt 00:02:57]} Qc7 {[%clk 00:19:20] [%emt 00:00:03]}
23. Re1 {[%clk 00:49:40] [%emt 00:09:14]} f6 {[%clk 00:19:47] [%emt 00:00:02]}
24. Rfe3 {[%clk 00:49:11] [%emt 00:01:00]} Bd7 {[%clk 00:19:28] [%emt 00:00:49]}
25. Qd4 {[%clk 00:49:18] [%emt 00:00:23]} fxe5 {[%clk 00:16:36] [%emt 00:03:22]}
26. Qxd5+ {[%clk 00:48:56] [%emt 00:00:52]} Kh8 {[%clk 00:17:04] [%emt
00:00:01]} 27. f6 {[%clk 00:41:16] [%emt 00:08:10]} Bc6 {[%clk 00:17:00] [%emt
00:00:34]} 28. Qc4 {[%clk 00:40:51] [%emt 00:00:55]} Rad8 {[%clk 00:06:38] [%emt
00:10:52]} 29. Rg3 {[%clk 00:37:48] [%emt 00:03:33]} Rd7 {[%clk 00:01:25] [%emt
00:05:44]} 30. Qh4 {[%clk 00:27:27] [%emt 00:10:51]} Re6 {[%clk 00:01:47] [%emt
00:00:08]} 31. Rf1 {[%clk 00:25:38] [%emt 00:02:19]} Rxd3 {[%clk 00:00:33] [%emt
00:01:44]} 32. Rxd3 {[%clk 00:23:29] [%emt 00:02:39]} Bxg2+ {[%clk 00:00:50]
[%emt 00:00:13]} 33. Kxg2 {[%clk 00:23:52] [%emt 00:00:06]} Qc2+ {[%clk
00:01:16] [%emt 00:00:04]} 34. Qf2 {[%clk 00:24:17] [%emt 00:00:05]} Qxd3 {[%clk
00:01:42] [%emt 00:00:04]} 35. fxg7+ {[%clk 00:23:04] [%emt 00:01:43]} Kh7
{[%clk 00:01:55] [%emt 00:00:18]} 36. g8=B+ {[%clk 00:23:26] [%emt 00:00:08]}
Kxg8 {[%clk 00:02:19] [%emt 00:00:05]} 37. Qf7+ {[%clk 00:23:51] [%emt
00:00:06]} Kh8 {[%clk 00:02:44] [%emt 00:00:05]} 38. Qxe6 {[%clk 00:24:17] [%emt
00:00:05]} Qe2+ {[%clk 00:00:53] [%emt 00:02:20]} 39. Rf2 {[%clk 00:24:40] [%emt
00:00:07]} Qe4+ {[%clk 00:01:20] [%emt 00:00:04]} 40. Rf3 {[%clk 00:25:05] [%emt
00:00:05]} Qe2+ {[%clk 00:01:45] [%emt 00:00:05]} 41. Kg3 {[%clk 00:25:31] [%emt
00:00:04]} 1-0

[Site "Europe Echecs"]

[Event "Grand Swiss "]
[Date "2025.09.14"]
[White "Sevian, Samuel"]
[Black "Gurel, Ediz"]
[WhiteElo "2692"]
[BlackElo "2631"]
[Round "10.10.16"]
[Result "1-0"]

1. e4 {[%clk 01:40:47] [%emt 00:00:11]} e5 {[%clk 01:40:51] [%emt 00:00:10]} 2.
Nf3 {[%clk 01:34:04] [%emt 00:07:14]} Nf6 {[%clk 01:41:10] [%emt 00:00:11]} 3.
Nxe5 {[%clk 01:33:25] [%emt 00:01:08]} d6 {[%clk 01:41:34] [%emt 00:00:07]} 4.
Nf3 {[%clk 01:33:51] [%emt 00:00:04]} Nxe4 {[%clk 01:41:58] [%emt 00:00:06]} 5.
d4 {[%clk 01:32:49] [%emt 00:01:31]} d5 {[%clk 01:42:21] [%emt 00:00:07]} 6. Bd3
{[%clk 01:33:13] [%emt 00:00:06]} Bd6 {[%clk 01:42:39] [%emt 00:00:13]} 7. O-O
{[%clk 01:33:31] [%emt 00:00:12]} O-O {[%clk 01:43:03] [%emt 00:00:06]} 8. c4
{[%clk 01:33:32] [%emt 00:00:28]} c6 {[%clk 01:43:27] [%emt 00:00:06]} 9. Re1
{[%clk 01:31:21] [%emt 00:02:42]} Bf5 {[%clk 01:38:37] [%emt 00:05:20]} 10. Qb3
{[%clk 01:30:31] [%emt 00:01:20]} Qd7 {[%clk 01:38:18] [%emt 00:00:49]} 11. c5
{[%clk 01:28:56] [%emt 00:02:05]} Bc7 {[%clk 01:36:53] [%emt 00:01:55]} 12. Nbd2
{[%clk 01:28:13] [%emt 00:01:13]} Be6 {[%clk 01:32:02] [%emt 00:05:20]} 13. Nf1
{[%clk 01:23:21] [%emt 00:05:22]} h6 {[%clk 01:25:54] [%emt 00:06:38]} 14. Ng3
{[%clk 01:20:19] [%emt 00:03:32]} f5 {[%clk 01:23:31] [%emt 00:02:53]} 15. Ne2
{[%clk 01:19:29] [%emt 00:01:20]} g5 {[%clk 01:13:54] [%emt 00:10:06]} 16. h4
{[%clk 01:19:30] [%emt 00:00:30]} Qe7 {[%clk 01:05:10] [%emt 00:09:14]} 17. hxg5
{[%clk 01:11:28] [%emt 00:08:32]} hxg5 {[%clk 01:05:19] [%emt 00:00:21]} 18. Ng3
{[%clk 00:43:03] [%emt 00:28:55]} Re8 {[%clk 00:46:43] [%emt 00:19:06]} 19. Bxg5
{[%clk 00:38:11] [%emt 00:05:23]} Nxg5 {[%clk 00:47:07] [%emt 00:00:05]} 20.
Nxg5 {[%clk 00:38:04] [%emt 00:00:37]} Qxg5 {[%clk 00:47:21] [%emt 00:00:16]}
21. Bxf5 {[%clk 00:37:38] [%emt 00:00:57]} Bf7 {[%clk 00:35:10] [%emt 00:12:40]}
22. Rxe8+ {[%clk 00:35:44] [%emt 00:02:24]} Bxe8 {[%clk 00:35:39]} 23. Qxb7
{[%clk 00:30:23] [%emt 00:05:51]} Bxg3 {[%clk 00:35:54] [%emt 00:00:15]} 24.
fxg3 {[%clk 00:29:38] [%emt 00:01:15]} Qxf5 {[%clk 00:34:42] [%emt 00:01:42]}
25. Re1 {[%clk 00:29:50] [%emt 00:00:19]} Bg6 {[%clk 00:30:05] [%emt 00:05:06]}
26. Qxa8 {[%clk 00:30:14] [%emt 00:00:06]} Qf8 {[%clk 00:30:25] [%emt 00:00:10]}
27. Qxa7 {[%clk 00:23:19] [%emt 00:07:26]} Be4 {[%clk 00:30:28] [%emt 00:00:26]}
28. Qc7 {[%clk 00:16:02] [%emt 00:07:47]} Qe8 {[%clk 00:30:19] [%emt 00:00:39]}
29. Re3 {[%clk 00:15:25] [%emt 00:01:07]} Na6 {[%clk 00:27:15] [%emt 00:03:34]}
30. Qb7 {[%clk 00:15:15] [%emt 00:00:40]} Nb8 {[%clk 00:27:38] [%emt 00:00:07]}
31. b4 {[%clk 00:13:44] [%emt 00:02:01]} Qd8 {[%clk 00:27:07] [%emt 00:01:01]}
32. Ra3 {[%clk 00:13:01] [%emt 00:01:12]} 1-0

[Site "Europe Echecs"]

[Event "Grand Swiss "]
[Date "2025.09.14"]
[White "Esipenko, Andrey"]
[Black "Sjugirov, Sanan"]
[WhiteElo "2687"]
[BlackElo "2627"]
[Round "10.10.18"]
[Result "1-0"]

1. e4 {[%clk 01:40:49] [%emt 00:00:10]} e5 {[%clk 01:39:03] [%emt 00:01:57]} 2.
Nf3 {[%clk 01:41:07] [%emt 00:00:12]} Nc6 {[%clk 01:38:41] [%emt 00:00:52]} 3.
Bc4 {[%clk 01:41:27] [%emt 00:00:11]} Bc5 {[%clk 01:38:29] [%emt 00:00:41]} 4.
d3 {[%clk 01:41:21] [%emt 00:00:36]} Nf6 {[%clk 01:38:36] [%emt 00:00:23]} 5. a3
{[%clk 01:41:32] [%emt 00:00:19]} d6 {[%clk 01:26:55] [%emt 00:12:11]} 6. Qe2
{[%clk 01:41:21] [%emt 00:00:41]} Be6 {[%clk 01:07:27] [%emt 00:19:57]} 7. Bxe6
{[%clk 01:40:37] [%emt 00:01:14]} fxe6 {[%clk 01:07:51] [%emt 00:00:06]} 8. Be3
{[%clk 01:41:03] [%emt 00:00:04]} Bb6 {[%clk 01:07:11] [%emt 00:01:10]} 9. Nbd2
{[%clk 01:40:30] [%emt 00:01:04]} O-O {[%clk 01:06:56] [%emt 00:00:45]} 10.
O-O-O {[%clk 01:40:35] [%emt 00:00:24]} Qe8 {[%clk 01:02:39] [%emt 00:04:47]}
11. h4 {[%clk 01:33:05] [%emt 00:08:00]} Nh5 {[%clk 01:00:25] [%emt 00:02:44]}
12. Rhg1 {[%clk 01:22:55] [%emt 00:10:41]} Rd8 {[%clk 00:52:55] [%emt 00:08:00]}
13. g3 {[%clk 01:22:32] [%emt 00:00:53]} Rd7 {[%clk 00:52:15] [%emt 00:01:10]}
14. Rde1 {[%clk 01:16:42] [%emt 00:06:19]} Ba5 {[%clk 00:35:02] [%emt 00:17:43]}
15. c3 {[%clk 00:56:27] [%emt 00:20:45]} Bb6 {[%clk 00:31:19] [%emt 00:04:13]}
16. Kc2 {[%clk 00:48:13] [%emt 00:08:44]} Qg6 {[%clk 00:30:01] [%emt 00:01:47]}
17. Ng5 {[%clk 00:37:59] [%emt 00:10:44]} d5 {[%clk 00:29:22] [%emt 00:01:10]}
18. Bxb6 {[%clk 00:37:39] [%emt 00:00:50]} axb6 {[%clk 00:28:45] [%emt
00:01:07]} 19. Ref1 {[%clk 00:34:23] [%emt 00:03:46]} Rfd8 {[%clk 00:11:35]
[%emt 00:17:40]} 20. Nxe6 {[%clk 00:24:22] [%emt 00:10:31]} Qxe6 {[%clk
00:11:38] [%emt 00:00:27]} 21. Qxh5 {[%clk 00:24:49] [%emt 00:00:03]} dxe4
{[%clk 00:12:00] [%emt 00:00:08]} 22. Nxe4 {[%clk 00:25:10] [%emt 00:00:09]}
Rxd3 {[%clk 00:12:24] [%emt 00:00:06]} 23. Qxh7+ {[%clk 00:25:24] [%emt
00:00:16]} Kxh7 {[%clk 00:12:50] [%emt 00:00:04]} 24. Ng5+ {[%clk 00:25:49]
[%emt 00:00:05]} Kg6 {[%clk 00:13:17] [%emt 00:00:03]} 25. Nxe6 {[%clk 00:26:12]
[%emt 00:00:07]} R8d6 {[%clk 00:12:11] [%emt 00:01:36]} 26. Ng5 {[%clk 00:16:06]
[%emt 00:10:35]} Rd2+ {[%clk 00:12:35] [%emt 00:00:06]} 27. Kc1 {[%clk 00:15:31]
[%emt 00:01:05]} Re2 {[%clk 00:10:26] [%emt 00:02:39]} 28. Re1 {[%clk 00:15:00]
[%emt 00:01:01]} Rdd2 {[%clk 00:10:19] [%emt 00:00:37]} 29. Rxe2 {[%clk
00:15:24] [%emt 00:00:07]} Rxe2 {[%clk 00:10:47] [%emt 00:00:02]} 30. f3 {[%clk
00:13:00] [%emt 00:02:53]} Na5 {[%clk 00:11:05] [%emt 00:00:13]} 31. Rd1 {[%clk
00:13:22] [%emt 00:00:07]} Nc4 {[%clk 00:04:56] [%emt 00:06:39]} 32. Rd7 {[%clk
00:12:00] [%emt 00:01:51]} Re1+ {[%clk 00:05:04] [%emt 00:00:22]} 33. Kc2 {[%clk
00:12:14] [%emt 00:00:16]} Re2+ {[%clk 00:05:29] [%emt 00:00:05]} 34. Kd1 {[%clk
00:11:19] [%emt 00:01:23]} Rg2 {[%clk 00:04:21] [%emt 00:01:40]} 35. Ke1 {[%clk
00:09:48] [%emt 00:02:01]} e4 {[%clk 00:00:46] [%emt 00:04:05]} 36. Rxc7 {[%clk
00:07:07] [%emt 00:03:10]} Ne5 {[%clk 00:00:49] [%emt 00:00:27]} 37. fxe4 {[%clk
00:07:04] [%emt 00:00:34]} Rxb2 {[%clk 00:00:48] [%emt 00:00:31]} 38. Rxb7
{[%clk 00:07:08] [%emt 00:00:26]} Nc4 {[%clk 00:00:34] [%emt 00:00:44]} 39. Nh3
{[%clk 00:06:12] [%emt 00:01:24]} Nxa3 {[%clk 00:00:35] [%emt 00:00:31]} 40.
Nf4+ {[%clk 00:06:21] [%emt 00:00:20]} Kf6 {[%clk 00:00:36] [%emt 00:00:31]} 41.
Nd5+ {[%clk 00:05:32] [%emt 00:01:17]} Ke5 {[%clk 00:00:45] [%emt 00:00:22]} 42.
Re7+ {[%clk 00:05:50] [%emt 00:00:12]} Kd6 {[%clk 00:01:11] [%emt 00:00:04]} 43.
Rxg7 {[%clk 00:06:14] [%emt 00:00:06]} Nc4 {[%clk 00:01:06] [%emt 00:00:35]} 44.
Rg8 {[%clk 00:40:56] [%emt 00:15:48]} b5 {[%clk 00:44:20] [%emt 00:07:16]} 45.
Rd8+ {[%clk 00:39:28] [%emt 00:01:58]} Ke5 {[%clk 00:42:13] [%emt 00:02:37]} 46.
Re8+ {[%clk 00:39:39] [%emt 00:00:20]} Kd6 {[%clk 00:42:38] [%emt 00:00:04]} 47.
Nf4 {[%clk 00:38:34] [%emt 00:01:33]} Kd7 {[%clk 00:42:38] [%emt 00:00:32]} 48.
Rf8 {[%clk 00:33:58] [%emt 00:05:06]} Ke7 {[%clk 00:42:37] [%emt 00:00:31]} 49.
Rf5 {[%clk 00:33:39] [%emt 00:00:47]} Ne3 {[%clk 00:42:20] [%emt 00:00:50]} 50.
Nd5+ {[%clk 00:33:51] [%emt 00:00:17]} 1-0

[Site "Europe Echecs"]

[Event "Grand Swiss "]
[Date "2025.09.14"]
[White "Oparin, Grigoriy"]
[Black "Anton Guijarro, David"]
[WhiteElo "2660"]
[BlackElo "2625"]
[Round "10.10.19"]
[Result "1-0"]

1. e4 {[%clk 01:40:57] [%emt 00:00:03]} e5 {[%clk 01:40:52] [%emt 00:00:08]} 2.
Nf3 {[%clk 01:41:22] [%emt 00:00:05]} Nc6 {[%clk 01:41:16] [%emt 00:00:06]} 3.
Bb5 {[%clk 01:41:45] [%emt 00:00:07]} a6 {[%clk 01:40:50] [%emt 00:00:56]} 4.
Ba4 {[%clk 01:42:10] [%emt 00:00:05]} d6 {[%clk 01:40:28] [%emt 00:00:52]} 5.
O-O {[%clk 01:42:15] [%emt 00:00:24]} Bd7 {[%clk 01:40:50] [%emt 00:00:08]} 6.
c4 {[%clk 01:41:13] [%emt 00:01:33]} Nf6 {[%clk 01:39:49] [%emt 00:01:31]} 7.
Nc3 {[%clk 01:41:20] [%emt 00:00:22]} Be7 {[%clk 01:39:46] [%emt 00:00:32]} 8.
Bxc6 {[%clk 01:39:56] [%emt 00:01:55]} bxc6 {[%clk 01:40:02] [%emt 00:00:14]} 9.
d4 {[%clk 01:40:18] [%emt 00:00:08]} exd4 {[%clk 01:40:27] [%emt 00:00:05]} 10.
Nxd4 {[%clk 01:40:42] [%emt 00:00:06]} O-O {[%clk 01:39:35] [%emt 00:01:21]} 11.
Qd3 {[%clk 01:36:38] [%emt 00:04:35]} Re8 {[%clk 01:35:25] [%emt 00:04:41]} 12.
Bf4 {[%clk 01:30:13] [%emt 00:06:55]} c5 {[%clk 01:24:01] [%emt 00:11:54]} 13.
Nde2 {[%clk 01:24:06] [%emt 00:06:37]} Bc6 {[%clk 01:20:39] [%emt 00:03:51]} 14.
Rad1 {[%clk 01:21:24] [%emt 00:03:13]} Nd7 {[%clk 01:18:00] [%emt 00:03:08]} 15.
Rfe1 {[%clk 01:18:53] [%emt 00:03:02]} Bg5 {[%clk 01:14:38] [%emt 00:03:52]} 16.
b3 {[%clk 01:12:42] [%emt 00:06:41]} Rb8 {[%clk 01:03:29] [%emt 00:11:39]} 17.
Qc2 {[%clk 01:01:34] [%emt 00:11:38]} h6 {[%clk 01:00:14] [%emt 00:03:45]} 18.
h3 {[%clk 00:58:28] [%emt 00:03:35]} Qf6 {[%clk 00:51:55] [%emt 00:08:48]} 19.
Bg3 {[%clk 00:56:25] [%emt 00:02:34]} Qg6 {[%clk 00:49:45] [%emt 00:02:40]} 20.
Nf4 {[%clk 00:45:51] [%emt 00:11:03]} Bxf4 {[%clk 00:48:21] [%emt 00:01:54]} 21.
Bxf4 {[%clk 00:46:15] [%emt 00:00:06]} Re7 {[%clk 00:34:59] [%emt 00:13:52]} 22.
f3 {[%clk 00:45:38] [%emt 00:01:08]} Rbe8 {[%clk 00:34:15] [%emt 00:01:14]} 23.
Kh2 {[%clk 00:44:33] [%emt 00:01:35]} Qf6 {[%clk 00:31:08] [%emt 00:03:38]} 24.
Bg3 {[%clk 00:43:25] [%emt 00:01:38]} Nf8 {[%clk 00:30:23] [%emt 00:01:15]} 25.
a3 {[%clk 00:37:21] [%emt 00:06:35]} Rb8 {[%clk 00:25:19] [%emt 00:05:33]} 26.
Rb1 {[%clk 00:33:05] [%emt 00:04:46]} a5 {[%clk 00:24:36] [%emt 00:01:13]} 27.
Qd2 {[%clk 00:28:41] [%emt 00:04:54]} Ng6 {[%clk 00:23:09] [%emt 00:01:57]} 28.
a4 {[%clk 00:25:24] [%emt 00:03:47]} Ra8 {[%clk 00:21:12] [%emt 00:02:27]} 29.
Re3 {[%clk 00:24:00] [%emt 00:01:54]} Nf4 {[%clk 00:19:57] [%emt 00:01:45]} 30.
Rbe1 {[%clk 00:22:31] [%emt 00:01:59]} Ree8 {[%clk 00:16:00] [%emt 00:04:26]}
31. Nd5 {[%clk 00:14:31] [%emt 00:08:30]} Bxd5 {[%clk 00:13:33] [%emt 00:02:57]}
32. exd5 {[%clk 00:14:57] [%emt 00:00:04]} Rxe3 {[%clk 00:13:49] [%emt
00:00:15]} 33. Rxe3 {[%clk 00:15:23] [%emt 00:00:04]} Nh5 {[%clk 00:08:12] [%emt
00:06:07]} 34. Be1 {[%clk 00:15:40] [%emt 00:00:12]} Qg5 {[%clk 00:07:19] [%emt
00:01:24]} 35. g3 {[%clk 00:12:00] [%emt 00:04:11]} Nf6 {[%clk 00:06:32] [%emt
00:01:16]} 36. Qe2 {[%clk 00:11:48] [%emt 00:00:42]} Kf8 {[%clk 00:03:58] [%emt
00:03:05]} 37. Bc3 {[%clk 00:11:52] [%emt 00:00:26]} Qf5 {[%clk 00:02:54] [%emt
00:01:35]} 38. Kg2 {[%clk 00:09:51] [%emt 00:02:31]} Qb1 {[%clk 00:02:07] [%emt
00:01:17]} 39. g4 {[%clk 00:08:29] [%emt 00:01:52]} Qg6 {[%clk 00:01:10] [%emt
00:01:28]} 40. Qd2 {[%clk 00:03:46] [%emt 00:05:12]} h5 {[%clk 00:00:33] [%emt
00:01:07]} 41. Bxa5 {[%clk 00:49:22] [%emt 00:04:55]} hxg4 {[%clk 00:48:34]
[%emt 00:02:28]} 42. hxg4 {[%clk 00:49:02] [%emt 00:00:50]} Nxg4 {[%clk
00:44:55] [%emt 00:04:09]} 43. fxg4 {[%clk 00:48:54] [%emt 00:00:38]} Qxg4+
{[%clk 00:45:20] [%emt 00:00:05]} 44. Rg3 {[%clk 00:47:37] [%emt 00:01:48]} Qe4+
{[%clk 00:45:39] [%emt 00:00:11]} 45. Kf2 {[%clk 00:43:33] [%emt 00:04:34]} Rxa5
{[%clk 00:19:36] [%emt 00:26:33]} 46. Qxa5 {[%clk 00:43:48] [%emt 00:00:15]}
Qf4+ {[%clk 00:20:00] [%emt 00:00:06]} 47. Kg2 {[%clk 00:25:37] [%emt 00:18:40]}
Qe4+ {[%clk 00:20:23] [%emt 00:00:07]} 48. Rf3 {[%clk 00:26:03] [%emt 00:00:04]}
g5 {[%clk 00:18:08] [%emt 00:02:45]} 49. Qc3 {[%clk 00:25:39] [%emt 00:00:54]}
1-0

[Site "Europe Echecs"]